000 01101cam a2200301 4500
008 090401t2001 xxu||||| |||| 00| 0 eng d
020 _a075450221X
035 _a(Sirsi) u99834
041 _aeng
050 _a346.41068
100 _aArmour, Douglas
245 _aTolley's limited liability partnerships : the new legislation.
260 _aCroydon
_bTolley
_c2001
300 _aix,694p. ; 23cm.
350 _a42.00
520 _aIncludes guidance on limited liability partnerships, the full text of the Limited Liability Partnerships Act 2000 and other related legislation, a draft LLP agreement and specimens of Companies House forms.
650 _aLIMITED LIABILITY PARTNERSHIPS ACT 2000
650 _aCOMPANIES ACT 1985
650 _aINSOLVENCY ACT 1986
650 _aCOMPANY DIRECTORS DISQUALIFICATION ACT 1986
650 _aLIMITED LIABILITY PARTNERSHIPS REGULATIONS 2001
650 _aLIMITED LIABILITY PARTNERSHIPS (SCOTLAND) REGULATIONS 2001
650 _aPARTNERSHIP AGREEMENTS
690 _aLAW-UK
700 _aYoung, Simon
942 _n0
948 _c21/04/1999
999 _c99485
_d99485